| 000 | 02827nam0a2200349 4500 | ||
|---|---|---|---|
| 001 | RU\NLR\BIBL_A\012053042 | ||
| 005 | 20250217122119.0 | ||
| 010 |
_a978-5-91718-584-2 _9200 |
||
| 021 |
_aRU _bКН-П-19-043428 _9КН-П-19-3178 |
||
| 035 | _a(NLR Aleph) 012053042 | ||
| 035 | _a(RuMoRGB)010009597 | ||
| 090 |
_a11661356 _c11661356 |
||
| 100 | _a20190705d2019 k y0rusy50 ca | ||
| 101 | 0 | _arus | |
| 102 | _aRU | ||
| 105 | _aaczzzz001|yz | ||
| 200 | 1 |
_aВопросы теории и практики избирательного законодательства, посвященные 25-летию избирательной системы Краснодарского края _eматериалы межвузовской научно-практической конференции (4 июня 2019 г., г. Краснодар), [проходившей в рамках Конкурса научных студенческих работ] _eсборник статей _fИзбирательная комиссия Краснодарского края _g[под общ. ред. А. Д. Черненко] |
|
| 210 |
_aКраснодар _cЮг _d2019 |
||
| 215 |
_a343 с. _cил., цв. портр., табл. _d24 |
||
| 320 | _aБиблиогр. в подстроч. примеч. и в тексте | ||
| 606 | 1 |
_aИзбирательное право _jСъезды, совещания и т.п _yРоссийская Федерация _92082836 _3RU\NLR\AUTH\661258873 |
|
| 686 | 1 | _aХ620.52я431 | |
| 702 | 1 |
_aЧерненко _bА. Д. _f1974- _gАлексей Дмитриевич _4340 |
|
| 711 | 1 | 2 |
_aКонкурс научных студенческих работ по вопросам теории и практики избирательного законодательства, посвященных 25-летию избирательной системы Краснодарского края _eКраснодар _f2019 _9670288 _3RU\NLR\AUTH\880505191 |
| 711 | 1 | 2 |
_a"Вопросы теории и практики избирательного законодательства, посвященные 25-летию избирательной системы Краснодарского края", межвузовская научно-практическая конференция _eКраснодар _f2019 _9670285 _3RU\NLR\AUTH\880505189 |
| 712 | 0 | 1 |
_4570 _aКраснодарский край _bИзбирательная комиссия _9626149 _3RU\NLR\AUTH\880482815 |
| 942 | _cBOOK | ||
| 980 | _aNBR | ||
| 980 | _aNB | ||